01154nam a2200229 a 450000100100000000500170001000800410002702000180006804000250008608200260011110000320013724501410016926000400031030000250035050000250037559000270040070000330042795201490046095201490060995201490075899900170090700004723420201002053453.0180425s2017 dr 000 0 spa d a9789945194678 aDO-SdBNPbspacBNPHU axxxxbO34f 1ro., 20171 aOgando, DorcabD694f97495310aFormación humana integral y religiosa 1 :bprimer ciclo, secundaria /ctexto, Dorca Ogando; ilustración Ruddy Núñez .. [et al.]. aSanto Domingo :bSantillana,c2017. a87p. :bil. ;c28cm. aProyecto Saber hacer aInventariado, 2018/MFF1 aNúñez, Ruddyeil.923171 00107-18PDaGRbGRcOId2018-04-25iLF1l0oxxxx O34f 1ro., 2017p47234-30r2020-06-25w2020-06-25yLFPDzInventariado, 2018/MFFZNo se presta 00107-18PDaPDbPDcOId2018-04-25iLF1l0oxxxx O34f 1ro., 2017p47234-10r2020-06-25w2020-06-25yLFPDzInventariado, 2018/MFFZNo se presta 00107-18PDaPDbPDcOId2018-04-25iLF1l0oxxxx O34f 1ro., 2017p47234-20r2020-06-25w2020-06-25yLFPDzInventariado, 2018/MFFZNo se presta c46722d46722